Okuskovanije železorudnych koncentratov.
Uložené v:
| Hlavný autor: | |
|---|---|
| Médium: | Kniha |
| Jazyk: | Russian |
| Vydané: |
1961.
|
| Tagy: |
Pridať tag
Žiadne tagy, Buďte prvý kto otaguje tento záznam!
|
Titul je dostupný aj v ... 

MARC
| LEADER | 00000nam a2200000 a 4500 | ||
|---|---|---|---|
| 001 | 000138136 | ||
| 005 | 20160729083548.0 | ||
| 008 | 040101s1961 e ruso | ||
| 041 | 0 | |a rus | |
| 100 | 1 | |a Mačkovskij, A. I. |4 aut | |
| 245 | 1 | 0 | |a Okuskovanije železorudnych koncentratov. |
| 260 | |c 1961. | ||
| 500 | |a Záznam revízie | ||
| 910 | |a svkkk | ||
| 998 | |a BK | ||
| 090 | |g SCKHL |k Sklad |a X0.1346 |j 04028 |i 138136-10 |4 Zastaraná |s Vyradená | ||